La evolución de la conciencia religiosa: la religión en la historia de la humanidad
Gorde:
| Egile nagusia: | |
|---|---|
| Beste egile batzuk: | |
| Formatua: | Liburua |
| Hizkuntza: | gaztelania |
| Argitaratua: |
Barcelona
Herder
2004
|
| Gaiak: | |
| Etiketak: |
Etiketa erantsi
Etiketarik gabe, Izan zaitez lehena erregistro honi etiketa jartzen!
|
MARC
| LEADER | 00000cam a2200000 a 4500 | ||
|---|---|---|---|
| 001 | UCI8193 | ||
| 003 | CL-VaPUC | ||
| 005 | 20220927171636.0 | ||
| 008 | 080813e20040000SP |||||||||||||||||spa|d | ||
| 999 | |c 331214 |d 331212 | ||
| 020 | |a 8425423015 | ||
| 040 | |c Pontificia Universidad Católica de Valparaíso | ||
| 082 | 0 | 4 | |a 270 |b OHL |2 21 |
| 100 | |a Ohlig, Karl-Heinz |e autor |9 531693 | ||
| 245 | 1 | 3 | |a La evolución de la conciencia religiosa: la religión en la historia de la humanidad |
| 260 | |a Barcelona |b Herder |c 2004 | ||
| 300 | |a 318 p | ||
| 583 | |a last modification |c 20170405 02:55:23 |k Rodrigo Vera | ||
| 650 | 0 | |a Historia de la iglesia |9 257565 | |
| 650 | 0 | |a Historia de la religión |9 313185 | |
| 650 | 0 | |a Religión |9 255164 | |
| 700 | |a Villanueva Salas, Marciano |e traducción |9 877179 | ||
| 942 | |c BK |2 ddc | ||
| 945 | |d 20080813 00:00:00 |a rbrito | ||
| 952 | |0 0 |1 0 |4 0 |6 270_000000000000000_OHL_2004 |7 0 |8 A |9 417462 |a BIBTEO |b BIBTEO |d 2019-11-22 |i 4472446 |l 1 |o 270 OHL 2004 |p 4472446 |r 2025-04-17 |s 2025-04-11 |w 2019-11-22 |y BK |k ICR | ||
| 952 | |0 0 |1 0 |3 erb |4 0 |6 270_000000000000000_OHL_2004 |7 0 |8 A |9 417463 |a BIBTEO |b BIBTEO |i 5371767 |o 270 OHL 2004 |p 5371767 |r 2025-01-17 |w 2019-11-22 |y BK |z Catalogado en:20170407 |k ICR | ||